|
|
|
|
| LEADER |
00000nam0a2200000 4500 |
| 001 |
38811 |
| 005 |
20231101210524.0 |
| 035 |
|
|
|a (RuTPU)RU\TPU\book\39640
|
| 090 |
|
|
|a 38811
|
| 100 |
|
|
|a 20020319d1981 k y0rusy50 ca
|
| 101 |
1 |
|
|a rus
|c eng
|
| 102 |
|
|
|a RU
|
| 105 |
|
|
|a a z 001zy
|
| 200 |
1 |
|
|a Статистика и планирование эксперимента в технике и науке. Методы планирования эксперимента
|e пер. с англ.
|f Н. Джонсон, Ф. Лион
|
| 210 |
|
|
|a Москва
|c Мир
|d 1981
|
| 215 |
|
|
|a 516 с.
|c ил.
|
| 320 |
|
|
|a Библиогр. в конце глав.
|
| 320 |
|
|
|a Предм. указ.: с. 510-513.
|
| 330 |
|
|
|a Книга известных американских специалистов в области математической статистики посвященная вопросам обработки данных и планирования эксперимента. Рассмотрев последовательного и дискриминантного анализа, комбинаторные и ротатабельные планы, методы факторного планирования н выбо-рочных^исследованш'!.^ ие10ДЫ математической статистики и теории планирования эксперимента, а также для студентов вузов и аспирантов.
|
| 606 |
1 |
|
|a Эксперимент
|x Планирование
|x Математические методы
|2 stltpush
|3 (RuTPU)RU\TPU\subj\26780
|9 50633
|
| 610 |
1 |
|
|a математика
|
| 610 |
1 |
|
|a эксперименты
|
| 610 |
1 |
|
|a планирование
|
| 610 |
1 |
|
|a статистика
|
| 610 |
1 |
|
|a техника
|
| 610 |
1 |
|
|a наука
|
| 610 |
1 |
|
|a последовательный анализ
|
| 610 |
1 |
|
|a многомерные наблюдения
|
| 610 |
1 |
|
|a выборочные исследования
|
| 610 |
1 |
|
|a данные
|
| 610 |
1 |
|
|a дискриминантный анализ
|
| 610 |
1 |
|
|a факторное планирование
|
| 610 |
1 |
|
|a обработка
|
| 610 |
1 |
|
|a библиотека А. Г. Стромберга
|
| 675 |
|
|
|a 519.242
|v 3
|
| 700 |
|
1 |
|a Джонсон
|b Н.
|g Норман
|
| 701 |
|
1 |
|a Лион
|b Ф.
|g Фред
|
| 801 |
|
1 |
|a RU
|b 63413507
|c 20020319
|g PSBO
|
| 801 |
|
2 |
|a RU
|b 63413507
|c 20200706
|g PSBO
|
| 942 |
|
|
|c BK
|